|
|
|
|
| LEADER |
00000nam a2200000 a 4500 |
| 001 |
vtls001478870 |
| 003 |
SK-MaSNL |
| 005 |
20260302073613.0 |
| 008 |
160801s2003 xo a 0 slo |
| 015 |
|
|
|a SNBE2004/03-01512
|
| 035 |
|
|
|a SNK000434168
|
| 040 |
|
|
|a SNK
|b slo
|c SNK
|e AACR2
|
| 043 |
|
|
|a e-xo---
|
| 044 |
|
|
|a xo
|c SK
|
| 072 |
|
7 |
|a 620.9
|2 konspekt
|
| 080 |
|
|
|a 69:62
|2 1981
|
| 080 |
|
|
|a 62
|2 1981
|
| 080 |
|
|
|a 662.6/.9
|2 1981
|
| 080 |
|
|
|a 504.064.3
|2 1981
|
| 080 |
|
|
|a 339.174
|2 1981
|
| 080 |
|
|
|a (063)
|2 1981
|
| 080 |
|
|
|a 69:62:662.6/.9:504.064.3:339.174(085.5)
|2 2. slo
|
| 080 |
|
|
|a 662.6/.9
|2 2. slo
|
| 080 |
|
|
|a 504.064.3
|2 2. slo
|
| 080 |
|
|
|a 339.174
|2 2. slo
|
| 111 |
2 |
|
|a Aqua therm
|n (5. :
|d 2003 :
|c Nitra, Slovensko)
|4 aut
|9 36568
|
| 245 |
1 |
|
|a Aqua-therm Nitra
|b 5. medzinárodný odborný veľtrh vykurovania, vetrania, klimatizačnej, meracej, regulačnej, sanitárnej a ekologickej techniky : 11. - 14. 2. 2003 Výstavisko AGROKOMPLEX Nitra : spravodajca
|
| 250 |
|
|
|a [1. vyd.]
|
| 260 |
|
|
|a Bratislava
|b Slovenská energetická agentúra
|c [2003]
|
| 300 |
|
|
|a 8 s.
|b fotogr., rekl.
|c 30 cm
|
| 500 |
|
|
|a Voľné listy v prebale
|
| 610 |
0 |
7 |
|a Aqua-therm
|2 SNK
|9 738223
|
| 610 |
0 |
7 |
|a Aqua therm
|b 5.
|d 2003
|x prospekty informačné
|2 SNK
|9 738224
|
| 611 |
1 |
7 |
|a Aqua-therm
|c Nitra, Slovensko
|2 SNK
|9 738225
|
| 611 |
1 |
7 |
|a Aqua therm
|n 5.
|d 2003
|c Nitra, Slovensko
|x prospekty informačné
|2 SNK
|9 738226
|
| 650 |
0 |
7 |
|a energia
|x úspory
|2 SNK
|9 20269
|
| 650 |
0 |
7 |
|a ochrana životného prostredia
|2 SNK
|9 3352
|
| 650 |
0 |
7 |
|a veľtrhy
|2 SNK
|9 14535
|
| 650 |
0 |
7 |
|a energetika
|2 SNK
|9 3680
|
| 651 |
|
7 |
|a 403
|2 SNK
|9 287051
|
| 655 |
|
7 |
|a prospekty
|2 SNK
|9 62175
|
| 655 |
|
7 |
|a informačné publikácie
|2 SNK
|9 70181
|
| 999 |
|
|
|c 1161559
|d 1163489
|
| 952 |
|
|
|t P60, <03>, [BOOK], {603}
|a SNK
|b SNK
|y PREZ
|7 0
|p 17A0437557
|o snkOSB 14033
|i snkKSP 9555/2004
|0 0
|1 0
|4 0
|d 2004-07-20
|l 0
|r 2005-01-02 00:00:00
|w 2026-02-24
|
| 952 |
|
|
|t P60, <04>, [BOOK], {604}
|a SNK
|b SNK
|y VYP
|7 0
|p 17A0437556
|o snkOSB 14033 D1
|i snkKSP 9556/2004
|0 0
|1 0
|4 0
|d 2004-07-20
|l 0
|r 2005-01-02 00:00:00
|w 2026-02-24
|